[Event "5th Novi Sad it"]
[Site "Novi Sad"]
[Date "1976.09.29"]
[EventDate "1976.09.29"]
[Round "1.1"]
[White "Ivkov, Borislav"]
[Black "Buljovcic, Ivan"]
[Result "1/2-1/2"]
[WhiteElo "2520"]
[BlackElo "2455"]
[PlyCount "60"]
[Source "Perpetual Check"]

1. Nf3 d5 2. c4 d4 3. g3 c5 4. Bg2 Nc6 5. O-O e5 6. d3 Nf6 7. e3 Be7 8. exd4
exd4 9. Bf4 O-O 10. Ne5 Nxe5 11. Bxe5 Bd6 12. Bxd6 Qxd6 13. Nd2 Rb8 14. Re1 Bd7
15. Qc2 Rfe8 16. Rxe8+ Bxe8 17. a3 Bc6 18. Bxc6 Qxc6 19. b4 b6 20. b5 Qd7 21.
Re1 Re8 22. Rxe8+ Nxe8 23. Qd1 Qf5 24. Ne4 Kf8 25. a4 h5 26. h4 g6 27. Kg2 Nf6
28. Nxf6 Qxf6 29. Qf3 Qe7 30. Kf1 Kg7 1/2-1/2

[Event "5th Novi Sad it"]
[Site "Novi Sad"]
[Date "1976.09.29"]
[EventDate "1976.09.29"]
[Round "1.3"]
[White "Gligoric, Svetozar"]
[Black "Hort, Vlastimil"]
[Result "1/2-1/2"]
[WhiteElo "2575"]
[BlackElo "2600"]
[PlyCount "66"]
[Source "Perpetual Check"]

1. d4 Nf6 2. c4 g6 3. Nc3 Bg7 4. e4 d6 5. f3 c6 6. Be3 a6 7. Bd3 b5 8. Nge2
Nbd7 9. O-O O-O 10. Qd2 Re8 11. Rac1 Rb8 12. b3 e6 13. Nd1 c5 14. Nf2 bxc4 15.
bxc4 Qc7 16. Rfd1 cxd4 17. Nxd4 Nc5 18. Bf1 Nfd7 19. Rb1 Rxb1 20. Rxb1 Na4 21.
Nb3 Ne5 22. Rc1 Bf8 23. Bd4 Nc5 24. Nxc5 dxc5 25. Bc3 Bg7 26. Qf4 Re7 27. Qh4
Nc6 28. Bxg7 Kxg7 29. f4 f5 30. Rc3 Nd4 31. Nh3 Kg8 32. e5 Qd8 33. Rd3 Rd7
1/2-1/2

[Event "5th Novi Sad it"]
[Site "Novi Sad"]
[Date "1976.09.29"]
[EventDate "1976.09.29"]
[Round "1.4"]
[White "Matulovic, Milan"]
[Black "Sigurjonsson, Gudmundur"]
[Result "0-1"]
[WhiteElo "2505"]
[BlackElo "2530"]
[PlyCount "81"]
[Source "Perpetual Check"]

1. e4 g6 2. d4 Bg7 3. Nc3 d6 4. Nf3 Nf6 5. Be2 O-O 6. O-O Nbd7 7. e5 Ne8 8. e6
fxe6 9. Ng5 Ndf6 10. Bc4 d5 11. Bd3 c5 12. dxc5 e5 13. Re1 Qc7 14. Nb5 Qxc5 15.
Rxe5 Ng4 16. Be3 Qc6 17. Rxe7 Bf6 18. Nxa7 Rxa7 19. Bxa7 Bxe7 20. Nf3 b6 21.
Bb8 Nd6 22. h3 Nf6 23. c3 Qb7 24. Bxd6 Bxd6 25. Qb3 Kg7 26. Re1 Nh5 27. Nd4 Qf7
28. Nf3 Nf4 29. Qxb6 Nxg2 30. Qxd6 Nxe1 31. Qe5+ Kg8 32. Nxe1 Re8 33. Qxe8+
Qxe8 34. Nf3 Bxh3 35. Kh2 Bf5 36. Bxf5 gxf5 37. Nd4 Qb8+ 38. Kg2 Qxb2 39. Nxf5
Kf7 40. Ne3 Ke6 41. a4 0-1

[Event "5th Novi Sad it"]
[Site "Novi Sad"]
[Date "1976.09.29"]
[EventDate "1976.09.29"]
[Round "1.5"]
[White "Sax, Gyula"]
[Black "Deze, Anton"]
[Result "1-0"]
[WhiteElo "2530"]
[BlackElo "2415"]
[PlyCount "57"]
[Source "Perpetual Check"]

1. e4 c5 2. c3 b6 3. d4 Bb7 4. d5 Nf6 5. Nd2 e6 6. dxe6 dxe6 7. Qc2 Nc6 8. Ngf3
Be7 9. Bd3 Qc7 10. O-O O-O 11. Re1 g6 12. Nf1 Rfd8 13. Bg5 Nd7 14. Bxe7 Nxe7
15. Ne3 Rac8 16. Bf1 Qf4 17. Nd2 Ne5 18. f3 g5 19. Ndc4 N7g6 20. Rad1 h5 21.
Qf2 h4 22. Nd6 Rxd6 23. Rxd6 Nxf3+ 24. Qxf3 Qxd6 25. Qh5 Qe7 26. Ng4 Rd8 27. e5
Rd2 28. Nf6+ Kf8 29. Qh6# 1-0

[Event "5th Novi Sad it"]
[Site "Novi Sad"]
[Date "1976.09.29"]
[EventDate "1976.09.29"]
[Round "1.6"]
[White "Smejkal, Jan"]
[Black "Olafsson, Fridrik"]
[Result "1-0"]
[WhiteElo "2615"]
[BlackElo "2550"]
[PlyCount "117"]
[Source "Perpetual Check"]

1. c4 Nf6 2. Nc3 c5 3. g3 e6 4. Nf3 Be7 5. Bg2 O-O 6. O-O a6 7. b3 Nc6 8. d4 d5
9. cxd5 exd5 10. Bb2 Bg4 11. Ne5 cxd4 12. Nxc6 bxc6 13. Qxd4 c5 14. Qd3 d4 15.
Na4 Bd7 16. Bxa8 Bb5 17. Qf5 Qxa8 18. Nxc5 Bxe2 19. Bxd4 Bg4 20. Qf4 Bh3 21. f3
Qd5 22. b4 Bxf1 23. Rxf1 Qxa2 24. Ra1 Qe2 25. Qe3 Qc4 26. Qc3 Qb5 27. Ra5 Qe2
28. Qe3 Qd1+ 29. Kg2 Bd8 30. Rxa6 Re8 31. Be5 Bc7 32. Bxf6 Qc2+ 33. Qf2 Qc4 34.
Bd4 h5 35. Ra2 Qxb4 36. Nd3 Qb3 37. Nc5 Qd5 38. Nd3 Rd8 39. Ra4 Qb5 40. Nb2 h4
41. gxh4 Rd6 42. Rc4 Rg6+ 43. Kh1 Qf5 44. Nd1 Bg3 45. Qf1 Bxh2 46. Ne3 Qf4 47.
Bc5 Qb8 48. Ng4 Bg3 49. Bf2 f5 50. Ne3 f4 51. Ng2 Qb7 52. Bxg3 fxg3 53. Rg4 Rb6
54. Qc4+ Kh8 55. Rxg3 Rb1+ 56. Kh2 Qa7 57. Qc8+ Kh7 58. Qf5+ Kh8 59. Qxb1 1-0

[Event "5th Novi Sad it"]
[Site "Novi Sad"]
[Date "1976.09.29"]
[EventDate "1976.09.29"]
[Round "1.7"]
[White "Popovic, Petar"]
[Black "Vukic, Milan"]
[Result "0-1"]
[WhiteElo "2405"]
[BlackElo "2510"]
[PlyCount "74"]
[Source "Perpetual Check"]

1. g3 Nf6 2. Bg2 g6 3. e4 d6 4. Nc3 Bg7 5. Nge2 O-O 6. O-O c5 7. d3 Nc6 8. h3
Rb8 9. a4 e5 10. f4 exf4 11. Bxf4 Nh5 12. Be3 Be5 13. g4 Ng7 14. Qd2 h5 15. g5
Be6 16. Nf4 Qa5 17. Nxe6 Nxe6 18. Ra3 a6 19. Qc1 Nb4 20. Nd5 Nd4 21. Rf2 Nxd5
22. exd5 Bg3 23. Bxd4 cxd4 24. Rf6 Qd8 25. Be4 Kg7 26. c4 Bh4 27. Qc2 Bxg5 28.
Rf1 Be3+ 29. Kh1 f5 30. Bf3 Qh4 31. Qg2 a5 32. Rb3 Rf6 33. Rb6 g5 34. c5 dxc5
35. Rxf6 Kxf6 36. Bg4 hxg4 37. Rxf5+ Kg7 0-1

[Event "5th Novi Sad it"]
[Site "Novi Sad"]
[Date "1976.09.29"]
[EventDate "1976.09.29"]
[Round "1.8"]
[White "Garcia Gonzales, Guillermo"]
[Black "Marjan, Dusan"]
[Result "1/2-1/2"]
[WhiteElo "2475"]
[BlackElo "2235"]
[PlyCount "74"]
[Source "Perpetual Check"]

1. d4 d5 2. Nf3 e6 3. g3 c6 4. Bg2 f5 5. O-O Nf6 6. c4 Be7 7. b3 O-O 8. Bb2 Qe8
9. e3 Nbd7 10. Nbd2 Ne4 11. a3 a5 12. Qb1 Qh5 13. b4 Rf6 14. Rc1 Rh6 15. h3 g5
16. Nxe4 dxe4 17. Ne5 Nxe5 18. dxe5 g4 19. h4 Bd7 20. Rd1 Be8 21. bxa5 c5 22.
Bc3 Bc6 23. Qb6 Qe8 24. Rd2 Rg6 25. Rad1 Ra6 26. Qb1 Qc8 27. Rb2 Ra8 28. Qc2
Kf7 29. Rdb1 Rg8 30. Bf1 Bd8 31. Qd2 Bc7 32. Be2 Rd8 33. Qe1 Rd7 34. Rd2 Rxd2
35. Qxd2 Qd8 36. Qc2 Bxa5 37. Rd1 Qc7 1/2-1/2

[Event "5th Novi Sad it"]
[Site "Novi Sad"]
[Date "1976.09.30"]
[EventDate "1976.09.29"]
[Round "2.1"]
[White "Buljovcic, Ivan"]
[Black "Marjan, Dusan"]
[Result "1-0"]
[WhiteElo "2455"]
[BlackElo "2235"]
[PlyCount "82"]
[Source "Perpetual Check"]

1. e4 e5 2. Nf3 Nc6 3. Bb5 g6 4. c3 d6 5. d4 Bd7 6. O-O Bg7 7. Re1 Nge7 8. Be3
O-O 9. Na3 a6 10. Be2 h6 11. Qd2 Kh7 12. Rad1 f6 13. c4 Bg4 14. Nc2 Bxf3 15.
Bxf3 exd4 16. Nxd4 Nxd4 17. Bxd4 Nc6 18. Bc3 Qe7 19. b3 Rae8 20. h4 h5 21. g3
Qf7 22. Bg2 Ne5 23. Qd5 Qxd5 24. cxd5 f5 25. exf5 gxf5 26. Bd2 Ng4 27. Rxe8
Rxe8 28. Re1 Rxe1+ 29. Bxe1 Bd4 30. Kf1 Kg6 31. Ke2 Kf6 32. f3 Ne3 33. Bf2 f4
34. Bxe3 Bxe3 35. Bh3 b6 36. Bc8 a5 37. g4 Kg6 38. Bd7 Bd4 39. Be8+ Kh6 40. g5+
Kg7 41. Bxh5 Bg1 1-0

[Event "5th Novi Sad it"]
[Site "Novi Sad"]
[Date "1976.09.30"]
[EventDate "1976.09.29"]
[Round "2.2"]
[White "Vukic, Milan"]
[Black "Garcia Gonzales, Guillermo"]
[Result "1/2-1/2"]
[WhiteElo "2510"]
[BlackElo "2475"]
[PlyCount "83"]
[Source "Perpetual Check"]

1. Nf3 Nf6 2. c4 c5 3. Nc3 e6 4. g3 Nc6 5. d4 d5 6. cxd5 exd5 7. Bg2 Be7 8. O-O
O-O 9. Bg5 c4 10. Ne5 Be6 11. b3 cxb3 12. Nxc6 bxc6 13. axb3 Bb4 14. Qc2 h6 15.
Bd2 Qe7 16. Na4 Bxd2 17. Qxd2 Rfb8 18. Qe3 Qd6 19. Rfc1 Rb5 20. Rc3 Bd7 21. Nc5
Be8 22. Qf4 Qd8 23. Bh3 a5 24. Bf5 Ra7 25. e3 Rb8 26. Ra3 Rba8 27. Rc1 g6 28.
Bh3 Kg7 29. Rca1 Bd7 30. Bxd7 Nxd7 31. Qd6 Nxc5 32. Qxc5 Ra6 33. Ra4 Qc8 34. e4
Qb7 35. R1a3 dxe4 36. Qe5+ Kh7 37. Qxe4 Rb6 38. Qf3 Rb5 39. Rc4 Rd8 40. Rc5 Rd5
41. Rxb5 Rxb5 42. Qc3 1/2-1/2

[Event "5th Novi Sad it"]
[Site "Novi Sad"]
[Date "1976.09.30"]
[EventDate "1976.09.29"]
[Round "2.3"]
[White "Olafsson, Fridrik"]
[Black "Popovic, Petar"]
[Result "1-0"]
[WhiteElo "2550"]
[BlackElo "2405"]
[PlyCount "91"]
[Source "Perpetual Check"]

1. d4 Nf6 2. c4 g6 3. Nc3 Bg7 4. e4 d6 5. Be2 O-O 6. Bg5 c5 7. dxc5 Qa5 8. Bd2
Qxc5 9. Nf3 Bg4 10. Be3 Qa5 11. O-O Nc6 12. a3 Rfc8 13. b4 Qd8 14. Qb3 h6 15.
Rfd1 Be6 16. h3 Qe8 17. Rac1 Rab8 18. Qb1 b6 19. Nd5 Kh7 20. Bd3 Nd7 21. Be2
Qh8 22. Rd2 Qe8 23. Nh4 Nf8 24. f4 Bd7 25. Nf3 Ne6 26. h4 Nf8 27. h5 Kh8 28.
hxg6 fxg6 29. Rcc2 Qf7 30. Qe1 Nh7 31. Qg3 Re8 32. Bd3 e6 33. Nc3 Nf6 34. Ne2
Ne7 35. Qh3 Kg8 36. e5 Nh7 37. exd6 Nf5 38. Ne5 Bxe5 39. fxe5 Ng5 40. Bxg5 hxg5
41. Ng3 Bc6 42. Nxf5 gxf5 43. Qh6 g4 44. g3 Bd7 45. Rh2 Qg7 46. Rh5 1-0

[Event "5th Novi Sad it"]
[Site "Novi Sad"]
[Date "1976.09.30"]
[EventDate "1976.09.29"]
[Round "2.5"]
[White "Sigurjonsson, Gudmundur"]
[Black "Sax, Gyula"]
[Result "1-0"]
[WhiteElo "2530"]
[BlackElo "2530"]
[PlyCount "43"]
[Source "Perpetual Check"]

1. e4 c5 2. Nf3 d6 3. d4 cxd4 4. Nxd4 Nf6 5. Nc3 e6 6. f4 Nc6 7. Be3 Be7 8. Qf3
e5 9. Nxc6 bxc6 10. f5 Qa5 11. Bc4 Bb7 12. O-O-O O-O 13. Bb3 Rad8 14. g4 d5 15.
exd5 Nxd5 16. Nxd5 cxd5 17. g5 d4 18. Qxb7 dxe3 19. Qxe7 e2 20. Rxd8 Rxd8 21.
c3 Qb6 22. Kb1 1-0

[Event "5th Novi Sad it"]
[Site "Novi Sad"]
[Date "1976.09.30"]
[EventDate "1976.09.29"]
[Round "2.6"]
[White "Hort, Vlastimil"]
[Black "Matulovic, Milan"]
[Result "0-1"]
[WhiteElo "2600"]
[BlackElo "2505"]
[PlyCount "138"]
[Source "Perpetual Check"]

1. d4 d5 2. c4 dxc4 3. Nf3 Nf6 4. e3 Bg4 5. Bxc4 e6 6. h3 Bh5 7. Nc3 Nbd7 8.
O-O Bd6 9. e4 e5 10. Be2 O-O 11. d5 Bg6 12. Bg5 h6 13. Bh4 Be7 14. Bxf6 Nxf6
15. Qc2 Bd6 16. Nh4 Bh7 17. g3 Bb4 18. Bd3 Qc8 19. Kh2 c6 20. Rac1 Bxc3 21.
Qxc3 cxd5 22. exd5 Qxc3 23. Rxc3 Nxd5 24. Bxh7+ Kxh7 25. Rc5 Rfd8 26. Rd1 Nf6
27. Rxd8 Rxd8 28. Rxe5 Rd2 29. Kg2 Rxb2 30. Re7 Kg8 31. Kf3 Kf8 32. Rc7 g6 33.
Ng2 Nd5 34. Rd7 Nc3 35. Ne3 Ke8 36. Rc7 Nb5 37. Rc5 Nd4+ 38. Ke4 Ne6 39. Rc2
Ng5+ 40. Kd3 Rxc2 41. Nxc2 Nxh3 42. f4 Nf2+ 43. Ke3 Ng4+ 44. Ke4 Ke7 45. Nd4
Nf6+ 46. Ke5 Nh5 47. Ne2 Ng7 48. Nc3 f6+ 49. Kd5 Nf5 50. Ne4 h5 51. a4 Ne3+ 52.
Kd4 Nf1 53. a5 f5 54. Nc5 Nxg3 55. Ke3 b6 56. axb6 axb6 57. Na4 h4 58. Kf3 b5
59. Nc3 Nh5 60. Nxb5 h3 61. Nd4 Nxf4 62. Kg3 Kf6 63. Nf3 g5 64. Nh2 Nd5 65.
Kxh3 Ne3 66. Kg3 f4+ 67. Kf3 Kf5 68. Ke2 g4 69. Kd3 Ke5 0-1

[Event "5th Novi Sad it"]
[Site "Novi Sad"]
[Date "1976.09.30"]
[EventDate "1976.09.29"]
[Round "2.8"]
[White "Ivkov, Borislav"]
[Black "Notaros, Krasoje"]
[Result "1-0"]
[WhiteElo "2520"]
[BlackElo "2350"]
[PlyCount "137"]
[Source "Perpetual Check"]

1. d4 g6 2. e4 Bg7 3. c4 d6 4. Nc3 Nc6 5. Be3 e5 6. d5 Nce7 7. g4 f5 8. gxf5
gxf5 9. Qh5+ Ng6 10. exf5 Qh4 11. Qxh4 Nxh4 12. Nb5 Kd8 13. Nxa7 Bxf5 14. Nb5
Be4 15. f3 Nxf3+ 16. Nxf3 Bxf3 17. Rg1 Bf6 18. Kd2 h5 19. Bh3 Bg4 20. Bxg4 hxg4
21. Rg2 Kd7 22. Nc3 Be7 23. Ne4 c6 24. a4 cxd5 25. cxd5 Nf6 26. Nxf6+ Bxf6 27.
Rf1 Be7 28. Rxg4 Rxh2+ 29. Kd3 Rxb2 30. Rf7 Rb3+ 31. Kd2 Re8 32. Rgg7 Rb4 33.
Bg5 Rd4+ 34. Kc3 Rxd5 35. Rxe7+ Rxe7 36. Rxe7+ Kc6 37. Be3 Rd1 38. a5 Kb5 39.
Bb6 Ka6 40. Re6 Kb5 41. Kc2 Rd5 42. Re7 Ka6 43. Kb3 Rd1 44. Kb4 Rh1 45. Kc4 Rd1
46. Re8 Rc1+ 47. Kd3 Rd1+ 48. Ke2 Rd5 49. Re6 Kb5 50. Re7 Ka6 51. Rd7 e4 52.
Ke3 Rd1 53. Kxe4 Rd2 54. Kf5 Re2 55. Rxd6 Re8 56. Re6 Rg8 57. Ke5 Rc8 58. Kd6
Rg8 59. Kd7 Rg7+ 60. Re7 Rg6 61. Kc7 Rg8 62. Rd7 Rh8 63. Rd8 Rh7+ 64. Kb8 Rh6
65. Rd7 Rg6 66. Bd8 Rc6 67. Bb6 Rg6 68. Ka8 Rg8+ 69. Bd8 1-0

[Event "5th Novi Sad it"]
[Site "Novi Sad"]
[Date "1976.10.01"]
[EventDate "1976.09.29"]
[Round "3.1"]
[White "Notaros, Krasoje"]
[Black "Buljovcic, Ivan"]
[Result "0-1"]
[WhiteElo "2350"]
[BlackElo "2455"]
[PlyCount "114"]
[Source "Perpetual Check"]

1. Nf3 c5 2. c4 Nf6 3. g3 d5 4. cxd5 Nxd5 5. Bg2 Nc6 6. O-O e5 7. Nc3 Be6 8.
Ng5 Qxg5 9. Nxd5 Qd8 10. Nc3 Qd7 11. d3 Be7 12. Qa4 Rc8 13. Be3 O-O 14. a3 Rfd8
15. Rab1 b6 16. f4 exf4 17. Bxf4 Nd4 18. Qxd7 Rxd7 19. h3 f6 20. g4 c4 21. Kh2
cxd3 22. exd3 Bxa3 23. Ne4 Bf8 24. Rf2 a5 25. Be3 b5 26. Rxf6 Bb3 27. Rb6 Bc2
28. Ra1 Nb3 29. Re1 Bxd3 30. Nc3 Bd6+ 31. Kh1 Bg3 32. Rd1 Rcd8 33. Nxb5 Bc4 34.
Rxd7 Rxd7 35. Nc3 Kf7 36. Rc6 Be6 37. Bf1 Nd2 38. Kg2 Nxf1 39. Kxf1 Be5 40. Ke2
Rb7 41. Rb6 Rc7 42. Kd2 Bc4 43. h4 Rd7+ 44. Kc2 Bd3+ 45. Kb3 Bd4 46. Bxd4 Rxd4
47. Rb7+ Kf6 48. g5+ Kg6 49. h5+ Kxh5 50. Rxg7 Rg4 51. Nd1 Rxg5 52. Rd7 Bg6 53.
Ra7 Kg4 54. Kc3 h5 55. Kd2 h4 56. Ke2 Kg3 57. Ne3 Bh5+ 0-1

[Event "5th Novi Sad it"]
[Site "Novi Sad"]
[Date "1976.10.01"]
[EventDate "1976.09.29"]
[Round "3.2"]
[White "Gligoric, Svetozar"]
[Black "Ivkov, Borislav"]
[Result "1/2-1/2"]
[WhiteElo "2575"]
[BlackElo "2520"]
[PlyCount "81"]
[Source "Perpetual Check"]

1. d4 d5 2. c4 dxc4 3. Nf3 Nf6 4. e3 e6 5. Bxc4 c5 6. O-O a6 7. a4 Nc6 8. Qe2
cxd4 9. Rd1 Be7 10. exd4 O-O 11. Nc3 Nd5 12. Bd3 Ncb4 13. Bb1 Bd7 14. Ne5 Bc6
15. Ra3 Nf6 16. Bg5 g6 17. a5 Nbd5 18. Nxc6 bxc6 19. Ra4 Qc7 20. Bd3 Qb7 21.
Rc4 Rfb8 22. Na4 Nd7 23. Bd2 Bf6 24. Rdc1 Rc8 25. Be4 Rc7 26. Qf3 Be7 27. g3
Rcc8 28. Qd1 Rab8 29. Qc2 Bf6 30. b4 Be7 31. Bxd5 exd5 32. Rxc6 Rxc6 33. Qxc6
Qxc6 34. Rxc6 Bxb4 35. Bf4 Rb5 36. Nb6 Nxb6 37. axb6 a5 38. Bh6 f5 39. Rc8+ Kf7
40. Rc7+ Ke6 41. b7 1/2-1/2

[Event "5th Novi Sad it"]
[Site "Novi Sad"]
[Date "1976.10.01"]
[EventDate "1976.09.29"]
[Round "3.4"]
[White "Sax, Gyula"]
[Black "Hort, Vlastimil"]
[Result "1/2-1/2"]
[WhiteElo "2530"]
[BlackElo "2600"]
[PlyCount "83"]
[Source "Perpetual Check"]

1. e4 e6 2. d4 d5 3. e5 c5 4. c3 Qb6 5. Nf3 Nc6 6. a3 c4 7. Nbd2 Na5 8. Be2 Bd7
9. O-O Ne7 10. Ng5 h6 11. Nh3 O-O-O 12. Rb1 Nf5 13. Nf4 Be7 14. Bg4 g6 15. Bxf5
gxf5 16. Nh5 Rdg8 17. Nf3 Qb3 18. Qe2 Ba4 19. Be3 Qc2 20. Nd2 Nb3 21. Rfe1 Nxd2
22. Bxd2 Qe4 23. Nf4 Qxe2 24. Rxe2 h5 25. Rc1 Kd7 26. Nh3 a5 27. f4 Rg4 28. Nf2
Rg7 29. Nh3 Rg4 30. Ng5 Bxg5 31. fxg5 Ke7 32. g3 Re4 33. Rxe4 dxe4 34. Kf2 Bc6
35. h4 Bd5 36. a4 Rc8 37. Ra1 Rc6 38. Ke3 Rb6 39. Bc1 Rb3 40. Ra2 Bc6 41. Kf4
Be8 42. Be3 1/2-1/2

[Event "5th Novi Sad it"]
[Site "Novi Sad"]
[Date "1976.10.01"]
[EventDate "1976.09.29"]
[Round "3.5"]
[White "Smejkal, Jan"]
[Black "Sigurjonsson, Gudmundur"]
[Result "1-0"]
[WhiteElo "2615"]
[BlackElo "2530"]
[PlyCount "81"]
[Source "Perpetual Check"]

1. Nf3 Nf6 2. c4 g6 3. Nc3 Bg7 4. e4 d6 5. d4 O-O 6. Be2 e5 7. O-O Nbd7 8. Re1
c6 9. Bf1 a5 10. Rb1 Re8 11. d5 Nc5 12. b3 Bd7 13. dxc6 Bxc6 14. Qc2 b6 15. Bb2
Qe7 16. Rbd1 Rad8 17. Nd2 Rf8 18. a3 Qb7 19. b4 Ne6 20. Nb3 a4 21. Nd2 Nd4 22.
Qb1 Qa7 23. Nd5 Ne6 24. g3 Ba8 25. Bg2 Nxd5 26. exd5 Nc7 27. b5 Bb7 28. Bc3 Bc8
29. c5 Bg4 30. cxd6 Bxd1 31. dxc7 Qxc7 32. Bb4 Bg4 33. Rc1 Qd7 34. Rc6 Rfe8 35.
Nc4 e4 36. Nxb6 Qf5 37. Bc5 e3 38. Qxf5 Bxf5 39. fxe3 Bd3 40. Bf1 Bxf1 41. Kxf1
1-0

[Event "5th Novi Sad it"]
[Site "Novi Sad"]
[Date "1976.10.01"]
[EventDate "1976.09.29"]
[Round "3.6"]
[White "Popovic, Petar"]
[Black "Deze, Anton"]
[Result "1-0"]
[WhiteElo "2405"]
[BlackElo "2415"]
[PlyCount "121"]
[Source "Perpetual Check"]

1. g3 c5 2. Bg2 g6 3. Nf3 Bg7 4. O-O Nc6 5. d3 e5 6. c4 Nge7 7. Nc3 O-O 8. Bd2
d6 9. Qc1 Rb8 10. Rb1 a6 11. a4 Bg4 12. h3 Bd7 13. Ne1 Nb4 14. Nc2 Nec6 15. Ne4
Nxc2 16. Qxc2 Nd4 17. Qd1 Bc6 18. e3 Ne6 19. b4 f5 20. b5 axb5 21. axb5 Bxe4
22. dxe4 f4 23. exf4 exf4 24. Qg4 Qf6 25. e5 dxe5 26. Bd5 Rbe8 27. gxf4 e4 28.
Rbe1 h5 29. Qg5 Kh7 30. Qxf6 Bxf6 31. Bxe4 b6 32. f5 Nd4 33. fxg6+ Kg7 34. Kg2
Bh4 35. Bc3 Rf4 36. Bxd4+ cxd4 37. Bf3 Ref8 38. Re4 d3 39. Rxf4 Rxf4 40. Rd1
Rxc4 41. Rxd3 Rc2 42. Bxh5 Rxf2+ 43. Kg1 Rf5 44. Rd7+ Kg8 45. Bg4 Rf6 46. Bh5
Rf5 47. Rh7 Bf6 48. Kh1 Rxb5 49. Be2 Rb4 50. Rf7 Rf4 51. Kg2 Be5 52. Re7 Bb2
53. Kg3 Rb4 54. Bg4 Kf8 55. Rf7+ Ke8 56. Bd7+ Kd8 57. g7 Be5+ 58. Kf3 Rb3+ 59.
Ke4 Bxg7 60. Rxg7 b5 61. Ke5 1-0

[Event "5th Novi Sad it"]
[Site "Novi Sad"]
[Date "1976.10.01"]
[EventDate "1976.09.29"]
[Round "3.7"]
[White "Garcia Gonzales, Guillermo"]
[Black "Olafsson, Fridrik"]
[Result "0-1"]
[WhiteElo "2475"]
[BlackElo "2550"]
[PlyCount "101"]
[Source "Perpetual Check"]

1. d4 Nf6 2. c4 e6 3. Nc3 Bb4 4. e3 c5 5. Bd3 O-O 6. Nf3 d5 7. O-O b6 8. cxd5
exd5 9. Ne5 Bxc3 10. bxc3 Ba6 11. f3 Bxd3 12. Qxd3 Re8 13. Qf5 Nbd7 14. Nd3 Qc8
15. Nf2 b5 16. e4 Nf8 17. Qf4 cxd4 18. cxd4 Qc3 19. Rb1 Ng6 20. Qf5 Ne7 21. Qh3
dxe4 22. Rxb5 exf3 23. Rb3 Qc2 24. Rxf3 Ned5 25. Nd3 Re2 26. Ne5 Qe4 27. Nd7
Re8 28. Nxf6+ Nxf6 29. Rf4 Qe6 30. Qf3 Re1 31. Qa3 Nd5 32. Rxe1 Qxe1+ 33. Rf1
Qe7 34. Qa5 Qd7 35. Re1 Rxe1+ 36. Qxe1 f6 37. Ba3 Kf7 38. Bc5 a6 39. Qe2 Qc6
40. Qh5+ Kg8 41. Qf3 Qe6 42. Kf2 f5 43. g4 f4 44. Qb3 Kf7 45. Kf3 Kf6 46. h4
Qe1 47. g5+ Ke6 48. Kg4 Qe4 49. h5 g6 50. hxg6 hxg6 51. Qd1 0-1

[Event "5th Novi Sad it"]
[Site "Novi Sad"]
[Date "1976.10.01"]
[EventDate "1976.09.29"]
[Round "3.8"]
[White "Marjan, Dusan"]
[Black "Vukic, Milan"]
[Result "0-1"]
[WhiteElo "2235"]
[BlackElo "2510"]
[PlyCount "130"]
[Source "Perpetual Check"]

1. e4 c6 2. Nc3 d5 3. Nf3 Bg4 4. h3 Bxf3 5. Qxf3 Nf6 6. d4 dxe4 7. Qe3 Nbd7 8.
Nxe4 Nxe4 9. Qxe4 Nf6 10. Qe3 e6 11. Bd2 Be7 12. Bd3 Qb6 13. O-O O-O 14. c4
Rfd8 15. Bc3 Rd7 16. Rad1 Rad8 17. Qf3 Ne8 18. Rd2 Bg5 19. c5 Qc7 20. Rdd1 Bf6
21. Qe4 g6 22. Bc2 Bg7 23. Rfe1 Nf6 24. Qf3 Nd5 25. g3 Rc8 26. Bb3 Qd8 27. Rd3
Bf6 28. Red1 Kg7 29. Kg2 Qh8 30. Qe4 Kg8 31. f4 h5 32. a3 Re8 33. Bxd5 Rxd5 34.
b4 Red8 35. a4 a6 36. R1d2 Kh7 37. Rd1 Qe8 38. h4 Qd7 39. a5 e5 40. fxe5 Bxe5
41. Qe3 Kg8 42. Qf2 Bg7 43. Kh2 Rf5 44. Rf3 Rxf3 45. Qxf3 Qd5 46. Qxd5 Rxd5 47.
Kg2 f5 48. Kf3 Kf7 49. Ke3 Bf6 50. Kd3 f4 51. gxf4 Bxh4 52. Ke4 Bf6 53. b5 axb5
54. a6 bxa6 55. Ra1 b4 56. Bb2 h4 57. Rxa6 h3 58. Ra1 Ke6 59. Rh1 Rh5 60. Bc1
h2 61. Bd2 b3 62. Bc3 Rh3 63. Bb2 Bh4 64. f5+ gxf5+ 65. Kf4 Bf2 0-1

[Event "5th Novi Sad it"]
[Site "Novi Sad"]
[Date "1976.10.02"]
[EventDate "1976.09.29"]
[Round "4.1"]
[White "Buljovcic, Ivan"]
[Black "Vukic, Milan"]
[Result "0-1"]
[WhiteElo "2455"]
[BlackElo "2510"]
[PlyCount "80"]
[Source "Perpetual Check"]

1. e4 c6 2. d4 d5 3. Nc3 dxe4 4. Nxe4 Bf5 5. Ng3 Bg6 6. h4 h6 7. Nf3 Nd7 8. h5
Bh7 9. Bd3 Bxd3 10. Qxd3 Qc7 11. Bd2 Ngf6 12. Qe2 e6 13. O-O-O Bd6 14. Nf5 Bf4
15. Ne3 Ne4 16. Be1 Ndf6 17. g3 Bxe3+ 18. Qxe3 O-O-O 19. g4 c5 20. Rg1 Rd5 21.
dxc5 Rxc5 22. c3 Ra5 23. Kb1 Rd8 24. Rxd8+ Qxd8 25. Nd2 Re5 26. Kc2 Qa5 27. Qd4
Nxd2 28. Bxd2 Re4 29. Qd6 Re2 30. f3 Nd7 31. Qd3 Qa4+ 32. Kb1 Rg2 33. Re1 b6
34. b3 Qc6 35. c4 Rf2 36. f4 Nc5 37. Qd4 Qg2 38. Rd1 Qe4+ 39. Qxe4 Nxe4 40. Bb4
a5 0-1

[Event "5th Novi Sad it"]
[Site "Novi Sad"]
[Date "1976.10.02"]
[EventDate "1976.09.29"]
[Round "4.2"]
[White "Olafsson, Fridrik"]
[Black "Marjan, Dusan"]
[Result "1-0"]
[WhiteElo "2550"]
[BlackElo "2235"]
[PlyCount "40"]
[Source "Perpetual Check"]

1. e4 e5 2. Bc4 Nc6 3. d3 Nf6 4. Nc3 Be7 5. a3 d6 6. Nge2 O-O 7. f4 Bg4 8. O-O
Nd4 9. h3 Nxe2+ 10. Nxe2 Bxe2 11. Qxe2 c6 12. fxe5 dxe5 13. Be3 Qc7 14. Rf2
Rad8 15. Raf1 Rfe8 16. Kh1 b6 17. Rxf6 Bxf6 18. Rxf6 gxf6 19. Bh6 f5 20. exf5
Rd4 1-0

[Event "5th Novi Sad it"]
[Site "Novi Sad"]
[Date "1976.10.02"]
[EventDate "1976.09.29"]
[Round "4.3"]
[White "Deze, Anton"]
[Black "Garcia Gonzales, Guillermo"]
[Result "0-1"]
[WhiteElo "2415"]
[BlackElo "2475"]
[PlyCount "61"]
[Source "Perpetual Check"]

1. c4 Nf6 2. Nc3 e6 3. d4 Bb4 4. a3 Bxc3+ 5. bxc3 c5 6. f3 d6 7. e4 e5 8. Be3
Qa5 9. Bd2 Nc6 10. d5 Ne7 11. Bd3 Bd7 12. Ne2 Ba4 13. Qc1 Nd7 14. Rb1 Qa6 15.
Qb2 Rb8 16. Ng3 O-O 17. Nf1 f5 18. exf5 Nxd5 19. Ne3 Nf4 20. Bf1 e4 21. fxe4
Ne5 22. Qa2 Bc6 23. Nd5 Bxd5 24. cxd5 Ned3+ 25. Kd1 Qa4+ 26. Qb3 Nf2+ 27. Kc1
Qxe4 28. Bxf4 Qxf4+ 29. Kb2 Nxh1 30. Bb5 Nf2 31. Rf1 0-1

[Event "5th Novi Sad it"]
[Site "Novi Sad"]
[Date "1976.10.02"]
[EventDate "1976.09.29"]
[Round "4.4"]
[White "Sigurjonsson, Gudmundur"]
[Black "Popovic, Petar"]
[Result "1-0"]
[WhiteElo "2530"]
[BlackElo "2405"]
[PlyCount "71"]
[Source "Perpetual Check"]

1. e4 c5 2. Nf3 d6 3. d4 cxd4 4. Nxd4 Nf6 5. Nc3 Nc6 6. f4 g6 7. Be2 Bg7 8. Be3
O-O 9. Nb3 a6 10. Bf3 Na5 11. e5 Ne8 12. Qd5 Nc6 13. exd6 Nxd6 14. Qc5 Bd7 15.
O-O-O a5 16. a4 Rc8 17. Qb6 Qe8 18. Bc5 Nb4 19. Nxa5 Bxc3 20. bxc3 Na2+ 21. Kb2
Be6 22. Rd4 Nf5 23. Re4 Bd5 24. Re5 Bxf3 25. gxf3 Nd6 26. Kxa2 Qxa4+ 27. Kb1
Nb5 28. Kb2 Qxf4 29. Rhe1 Nd6 30. Rxe7 Nc4+ 31. Nxc4 Qxc4 32. Bd4 Ra8 33. Qf6
Ra2+ 34. Kc1 Rxc2+ 35. Kxc2 Qa2+ 36. Kd3 1-0

[Event "5th Novi Sad it"]
[Site "Novi Sad"]
[Date "1976.10.02"]
[EventDate "1976.09.29"]
[Round "4.5"]
[White "Hort, Vlastimil"]
[Black "Smejkal, Jan"]
[Result "1/2-1/2"]
[WhiteElo "2600"]
[BlackElo "2615"]
[PlyCount "61"]
[Source "Perpetual Check"]

1. c4 c5 2. Nf3 Nf6 3. d4 cxd4 4. Nxd4 e6 5. g3 d5 6. Bg2 e5 7. Nb3 d4 8. Bg5
Nc6 9. O-O Be7 10. N1d2 O-O 11. e3 dxe3 12. Bxe3 Bf5 13. Bg5 Qc7 14. Bxf6 Bxf6
15. Ne4 Bxe4 16. Bxe4 g6 17. Qf3 Bg7 18. Rad1 Rac8 19. c5 f5 20. Bxc6 Qxc6 21.
Qe2 Rfd8 22. Na5 Qc7 23. b4 b6 24. Nb3 h5 25. Rxd8+ Rxd8 26. Rd1 bxc5 27. Rxd8+
Qxd8 28. bxc5 Qd5 29. Qc2 e4 30. c6 Be5 31. c7 1/2-1/2